000 00919nam a2200277 i 4500
003 EG-GICUC
005 20260512131700.0
008 260512s1966 be ||||fr|||| 00| 0 fre d
040 _aEG-GiCUC
_bfre
_cEG-GiCUC
_dEG-GiCUC
_eRda
082 0 4 _221
_a345.4
_bFO . F
092 0 4 _221
099 _aLaw1 07 345.4 FO . F 1966
100 1 _aFougère,Louis
_eAuteur
245 _aLa Fonction Publique:
_bEtudes Et Choix De Textes Commentés/
_cLouis Fougère.
264 1 _aBruxelles:
_bInstitut International Des Sciences Administratives,
_c1966.
300 _a380 page ;
_c 24 cm.
336 _2rda contenu
_a texte
337 _2rda medias
_aOrdinateur
338 _2 transporteur rda
_a Ressource en ligne
546 _aTexte en français
650 1 _aDroit Administratif
650 1 _aEmplois Publics
856 4 0 _uhttps://fll.law.cu.edu.eg/fulltext/bks/B07-06190.pdf
905 _a59
942 _2ddc
_n0
_cBK
_e21
999 _c76673
_d76673